• 首页
  • 本馆介绍
  • 公告通知
  • 最新文献
  • 馆藏检索
  • 电子资源
  • 读者导购
  • 参考咨询
  • 我的图书馆
  • 登录
  • 详细信息显示
  • 放入我的书架
  • 预约/预借图书
  • 作者相关作品
  • 分类相关作品
  • 丛书相关作品
  • 出版社相关作品

书目信息

  • 表格格式
  • 工作单格式
  • 卡片格式
题名:
詹天佑与中国近代铁路
    
 
作者: 陈琪 编著
分册:  
出版信息: 长春   吉林文史出版社  2012
页数: 135页
开本: 22cm
丛书名:
单 册:
中图分类: K826.16=6 , F532.9 , K826.16
科图分类:
主题词: 铁路运输--交通运输史--中国--近代
电子资源:
ISBN: 978-7-5472-0880-9
000 00862nam0 2200265 450
001 2350962873
005 20231129015653.40
010    @a978-7-5472-0880-9@dCNY34.80
100    @a20120815d2012 em y0chiy50 ea
101 0  @achi
102    @aCN@b220000
105    @ay z 000yy
200 1  @a詹天佑与中国近代铁路@Azhan tian you yu zhong guo jin dai tie lu@f金开诚主编@g陈琪编著
210    @a长春@c吉林文史出版社@d2012
215    @a135页@c图@d22cm
300    @a中国文化知识读本
330    @a本书内容包括:聪慧少年鸿鹄之志、求学归来建功立业、大显身手名扬天下、老当益壮贡献革命、铁路之父等。
600  0 @a詹天佑@f(1861-1919)@x生平事迹
606 0  @a铁路运输@x交通运输史@y中国@z近代
690    @aK826.16=6@v5
690    @aF532.9@v5
690    @aK826.16@v4
701  0 @a陈琪@Achen qi@4编著
801  0 @aCN@b91MARC@c20130904
905    @aZUCC@dK826.16@e84
    
    詹天佑与中国近代铁路/金开诚主编/陈琪编著.-长春:吉林文史出版社,2012
    135页:图;22cm
    中国文化知识读本
    
    ISBN 978-7-5472-0880-9:CNY34.80
    本书内容包括:聪慧少年鸿鹄之志、求学归来建功立业、大显身手名扬天下、老当益壮贡献革命、铁路之父等。
●
相关链接 在五车中查询图书 在当当中查询图书 在豆瓣中查询图书


正题名:詹天佑与中国近代铁路     索取号:K826.16/84         预约/预借

序号 登录号 条形码 馆藏地/架位号 状态 备注
1 2001002191   2001002191   第四书库/四032架A面3层4列/ [索取号:K826.16/84] 在馆    
2 2001002192   2001002192   第四书库/四032架A面3层4列/ [索取号:K826.16/84] 在馆    
3 2001002193   2001002193   第四书库/四032架A面3层4列/ [索取号:K826.16/84] 在馆    
4 2001002194   2001002194   第四书库/四032架A面3层4列/ [索取号:K826.16/84] 在馆    
5 2001002195   2001002195   第四书库/四032架A面3层4列/ [索取号:K826.16/84] 在馆    
6 2001002196   2001002196   第四书库/四032架A面3层4列/ [索取号:K826.16/84] 在馆    
山东省滨州职业学院图书馆 欢迎您!
大连网信软件有限公司© 版权所有